01309nam a22002897a 4500003000400000005001700004008004100021020001800062037001500080040003500095041001300130082001400143100003600157245003300193246002500226260003600251300002700287490001300314500006700327500003900394520038700433521003100820650006300851650003100914650002700945700004700972OSt20240628134436.0240207t2011 sp dr 000 fdspa d a9788408004714 3Donación aCO-JMCRcCO-JMCRdCO-JMCRerda1 aspadeng04aJ-NbHAWd aHawkins, Rachel, d1979-eautor1 aDesafío / cRachel Hawkins aHex Hall. Demonglass aBarcelona :bDestino ; c©2011 a274 paginas ; c23 cm. aHex Hall aIncluye recomendaciones de otras sagas de la editorial Destino aIncluye información de la autora aCreo que marcharme a Londres para someterme a la Extracción no ha sido una buena idea. íYo solamente quería que me quitaran los estúpidos poderes que tengo! Pero aquí parece que todo se está complicando: descubro que en el mundo existen más demonios aparte de mi padre y yo, El Ojo insiste en matarme y debo decidirme por Cal, mi prometido, o Archer, mi... ¿enemigo?' aPara mayores de 13 años.142JMCRaLiteratura juvenilxMagia en la literaturazEspaña24vNovela JuvenilxFantasía342JMCRaJovenesvPoderes aCastellanos Arfelis, Ariadna, eTraductora